000 01886nam a2200421 4500
001 0000024572
003 CO-CtgCURN
005 20250331185142.0
007 ta
008 160628s2010 000 0 eng d
020 _a9788480864817
040 _aCO-CtgCURN
_bspa
_ccoctgcurn
082 0 _a610.7301
_bD540
245 0 0 _aDiagnósticos enfermeros :
_bdefiniciones y clasificacion 2009-2011 /
_ceditada por T. Heather Herdman.
260 _aMadrid :
_bElsevier,
_c2010.
300 _a431 p.
336 _2rdacontent
337 _2rdamedia
_asin mediacion
_bn
338 _2rdacarrier
_avolumen
_bnc
500 _aTitulo original: Nanda-1 Nursing Diagnoses: Definitions , Classification, 2009-2011.
505 8 _aIntroducción a los diagnosticos enfermeros: precision, aplicacion en los distintos entornos y propuesta de diagnosticos enfermeros para su admision por NANDA-2009-2011.--Diagnósticos enfermeros de NANDA-1 2009-2011.--Taxonomia II 2009-2011.--Diagnósticos enfermeros retirados de la taxonomia 2009-2011 de NANDA-1.--NANDA Internacional 2009-2011
650 1 4 _aDiagnósticos de enfermeros
_vclasificacion.
650 1 4 _aProceso de enfermeria.
650 1 4 _aDiagnóstico de enfermeria.
700 1 _aHerdman, T. Heather,
_eEditor.
710 2 _aNorth American Nursing. Diagnoses Association.
908 _a160627
942 _cBK
_h610.7301
_iD540
_2ddc
999 _c21394
_d21394